00625nam a2200145 a 450000100100000000500170001000800410002704000250006811100570009324501040015026000510025430000520030595201050035799900170046200004048520201002034148.0130826s2012 dr 000 0 spa d aDO-SdBNPbspacBNPHU1 aRepública DominicanabCámara de Diputados96679110aInforme de gestión :bperiodo legislativo 2011 -2012, 16 de agosto de 2011 25 de julio de 2012 /. aSanto Domingo :bCámara de Diputados,c2012. a155 p. :bil., gráf.,mapas, retrs., ;c28 cm. 0010718PDaPDbPDcCTd2013-08-26iLF1l0o p40485-10r2020-06-25w2020-06-25yLFPDZNo se presta c39975d39975